000 00444nam a2200145Ia 4500
008 100204s9999 xx 000 0 und d
082 _b15699
100 _aम्हात्रे शैलजा सतिश
245 _aमानसकन्या
260 _b"सरस प्रकाशन, वसई"
_c1990
300 _a99
630 _aमानसकन्या
730 _aमानसकन्या
942 _cBOOK
999 _c460122
_d460119